[Event "SRB-ch U18"]
[Site "Subotica"]
[Date "2021.05.07"]
[Round "7"]
[White "Miklic, Nikola"]
[Black "Ivanovic, Marko"]
[Result "1-0"]
[WhiteElo "1431"]
[BlackElo "2264"]
[PlyCount "127"]
[EventDate "2021.05.03"]
[EventType "tourn"]
[EventRounds "9"]
[EventCountry "SRB"]
[SourceTitle "EXT 2022"]
[Source "ChessBase"]
[SourceDate "2021.10.06"]
[SourceVersion "1"]
[SourceVersionDate "2021.10.06"]
[SourceQuality "1"]

1. e4 c5 2. c4 Nc6 3. Nc3 g6 4. d3 Bg7 5. Bd2 e6 6. g3 Nge7 7. Bg2 d6 8. Nge2 0-0 9. 0-0 e5 10. f4 f5 11. fxe5 dxe5 12. Qc2 Nb4 13. Qb3 Qxd3 14. Rad1 Be6 15. Bg5 Bxc4 16. Rxd3 Bxb3 17. Bxe7 fxe4 18. Rd7 Rxf1+ 19. Kxf1 Be6 20. Rxb7 Bc8 21. Rc7 Na6 22. Rc6 Bb7 23. Rd6 Re8 24. Rd8 Rxd8 25. Bxd8 Nb4 26. Bxe4 Ba6 27. Be7 Bf8 28. Bxf8 Kxf8 29. a3 Nd3 30. Bxd3 Bxd3 31. Kf2 Ke7 32. Ke3 Ba6 33. Ne4 c4 34. N2c3 Bb7 35. Nd2 Ba6 36. b3 cxb3 37. Nxb3 Bb7 38. Nc5 Bc6 39. a4 h6 40. Nb5 a5 41. Nc3 Kd6 42. Nb3 Ba8 43. Ne4+ Kd5 44. Nxa5 g5 45. h3 Ke6 46. Nb3 Kd5 47. Nf6+ Kc4 48. Nd2+ Kb4 49. Nd7 Bg2 50. h4 gxh4 51. gxh4 Kxa4 52. Nxe5 Kb5 53. Nf7 h5 54. Kf4 Bh3 55. Kg5 Bg4 56. Ne5 Be2 57. Ndf3 Kc5 58. Kxh5 Kd6 59. Kg5 Ke7 60. Kg6 Bb5 61. Kg7 Be8 62. Ng6+ Ke6 63. h5 Kf5 64. Nfe5 1-0